La interpretacin̤ de la expresin̤ "en perjuicio de" en el Cd̤igo penal

Bibliographic Details
Main Author: Gm̤ez Lanz, Javier
Format: Unknown
Language:Spanish
Published: Madrid : Dykinson, 2006
Subjects:
Online Access:Acceso restringido

MARC

LEADER 00000ny a22000003n 4500
005 20110614122752.0
008 070108s2006 sp 001 0 spa d
017 |a D.L.SE6031-06 
020 |a 9788497729598 
020 |a 9788497729598 
035 |a 2746 
040 |a NoBUC-Mpons  |d vLex 
080 |a 340.113:343.231(460) 
090 |c 659  |d 659 
100 1 |a Gm̤ez Lanz, Javier 
245 1 3 |a La interpretacin̤ de la expresin̤ "en perjuicio de" en el Cd̤igo penal  |h [Recurso electrn̤ico]  |c Javier Gm̤ez Lanz 
256 |a Servicio en ln̕ea 
260 |a Madrid :  |b Dykinson,  |c 2006 
300 |a 579 p. ;  |c 24 cm 
506 1 |a Contenido solo disponible en los productos indicados  |d vLex Global  |d vLex Global (Academic Edition, excluding Law Schools)  |d vLex Global (U.S. Academic Edition, Law Schools)  |d vLex Global (U.S. Academic Edition, excluding Law Schools)  |d vLex Global (Academic Edition, Law Schools) 
650 0 7 |2 Tesauro vLex  |a Penal 
650 0 7 |2 Tesauro vLex  |a Cd̤igo penal 
650 0 7 |2 Tesauro vLex  |a Derecho penal 
740 0 |a vLex Libros (Servicios en ln̕ea) 
856 4 0 |z Acceso restringido  |u http://vlex.com/source/interpretacion-codigo-penal-2746 
942 |c BOOK 
999 0 |a Criminal Law   |b Madrid